MARC details
| 000 -LEADER |
| fixed length control field |
01053cam a2200277 a 4500 |
| 001 - CONTROL NUMBER |
| control field |
0000005665 |
| 005 - DATE AND TIME OF LATEST TRANSACTION |
| control field |
20170406120909.0 |
| 008 - FIXED-LENGTH DATA ELEMENTS--GENERAL INFORMATION |
| fixed length control field |
010814s2000 rh b b 000 0 eng |
| 010 ## - LIBRARY OF CONGRESS CONTROL NUMBER |
| LC control number |
2001295927 |
| 020 ## - INTERNATIONAL STANDARD BOOK NUMBER |
| International Standard Book Number |
079742105X |
| 035 ## - SYSTEM CONTROL NUMBER |
| System control number |
(DLC) 2001295927 |
| 040 ## - CATALOGING SOURCE |
| Original cataloging agency |
DLC |
| Transcribing agency |
DLC |
| 042 ## - AUTHENTICATION CODE |
| Authentication code |
ode=LC overseas data entry |
| 043 ## - GEOGRAPHIC AREA CODE |
| Geographic area code |
f-rh--- |
| 050 00 - LIBRARY OF CONGRESS CALL NUMBER |
| Classification number |
HQ1236.5.Z55 |
| Item number |
N56 2000 |
| 100 1# - MAIN ENTRY--PERSONAL NAME |
| Personal name |
Nhongo-Simbanegavi, Josephine, |
| Dates associated with a name |
1965-. |
| 245 10 - TITLE STATEMENT |
| Title |
For better or worse? : |
| Remainder of title |
women and ZANLA in Zimbabwe's liberation struggle / |
| Statement of responsibility, etc. |
by Josephine Nhongo-Simbanegavi. |
| 246 30 - VARYING FORM OF TITLE |
| Title proper/short title |
Women and ZANLA in Zimbabwe's liberation struggle |
| 260 ## - PUBLICATION, DISTRIBUTION, ETC. |
| Place of publication, distribution, etc. |
Avondale, Harare : |
| Name of publisher, distributor, etc. |
Weaver Press ; |
| Place of publication, distribution, etc. |
Oxford : |
| Name of publisher, distributor, etc. |
African Book Collective, the Jam Factory (distributor), |
| Date of publication, distribution, etc. |
2000. |
| 300 ## - PHYSICAL DESCRIPTION |
| Extent |
xxii, 168 p. : |
| Other physical details |
maps ; |
| Dimensions |
21 cm. |
| 504 ## - BIBLIOGRAPHY, ETC. NOTE |
| Bibliography, etc. note |
Includes bibliographical references (p. 157-168). |
| 650 #0 - SUBJECT ADDED ENTRY--TOPICAL TERM |
| Topical term or geographic name entry element |
Women's rights |
| Geographic subdivision |
Zimbabwe. |
| 650 #0 - SUBJECT ADDED ENTRY--TOPICAL TERM |
| Topical term or geographic name entry element |
Women, Shona |
| General subdivision |
Civil rights. |
| 650 #0 - SUBJECT ADDED ENTRY--TOPICAL TERM |
| Topical term or geographic name entry element |
Women, Shona |
| General subdivision |
Social conditions. |
| 852 1# - LOCATION |
| -- |
p12.00usd |
| 908 ## - PUT COMMAND PARAMETER (RLIN) |
| Put command parameter |
150115 |